000 00641nam a2200229 i 4500
001 C2-0339381
003 PPAK
005 20180728141553.0
008 161215s2015 ii |||| ||||| | tam d
040 _aPPAK
_beng
_cPPAK
_erda
082 0 4 _a398.2
_223
090 0 0 _a398.2
_bRAG
_dK
100 0 _aRagunathan,
_eauthor
245 1 0 _aRamayana puthir - vina vidai
264 1 _aChennai, India :
_bCommercial Publications ,
_c2015
300 _a96 pages ;
_c18 cm
336 _2rdacontent
_atext
337 _2rdamedia
_aunmediated
338 _2rdacarrier
_avolume
650 1 0 _aTales. ; Ramayana - Juvenile literature.
942 _ddc
_cB
999 _c136650
_d136650